Normal view
MARC view
Entry Personal Name
001 - CONTROL NUMBER
- control field: 28277
003 - CONTROL NUMBER IDENTIFIER
- control field: OSt
005 - DATE AND TIME OF LATEST TRANSACTION
- control field: 20211027164215.0
008 - FIXED-LENGTH DATA ELEMENTS
- fixed length control field: 211027|| aca||aabn | a|a d
040 ## - CATALOGING SOURCE
- Original cataloging agency: OSt
- Transcribing agency: OSt
100 ## - HEADING--PERSONAL NAME
- Personal name: Aragon, F.M., Oteiza, F. and Rud, J.P.
670 ## - SOURCE DATA FOUND
- Source citation: Work cat.: (OSt)517931: Aragon, F.M., Oteiza, F. and Rud, J.P. , Climate change and agriculture: Subsistence farmers' response to extreme heat
